Proposiciones que presentan al Congreso Hispano-Americano algunos catedrátidos de la Universidad de Oviedo. (Record no. 183892)

MARC details
000 -LEADER
campo de control de longitud fija 00556nam a2200157 i 4500
001 - NÚMERO DE CONTROL
campo de control 183892
003 - IDENTIFICADOR DE NÚMERO DE CONTROL
campo de control ES-MaACL
005 - FECHA Y HORA DE LA ÚLTIMA TRANSACCIÓN
campo de control 20230906222009.0
008 - DATOS DE LONGITUD FIJA--INFORMACIÓN GENERAL
campo de control de longitud fija 141107s1900 sp |||| | spa d
245 00 - MENCIÓN DEL TÍTULO
Título Proposiciones que presentan al Congreso Hispano-Americano algunos catedrátidos de la Universidad de Oviedo.
260 ## - PUBLICACIÓN, DISTRIBUCIÓN, ETC.
Lugar de publicación, distribución, etc. Oviedo :
Nombre del editor, distribuidor, etc. [s.n.],
Fecha de publicación, distribución, etc. 1900 (
Fabricante La Comercial)
300 ## - DESCRIPCIÓN FÍSICA
Extensión 8 p. ;
Dimensiones 21 cm.
711 2# - ENTRADA AGREGADA--NOMBRE DE REUNIÓN
Nombre de congreso/reunión o jurisdicción como elemento de entrada Congreso social y Económico Hispanoamericano (
Fecha del congreso o de la firma del tratado 1900.
Sede del congreso/Lugar de la reunión Madrid)
9 (RLIN) 154905
852 ## - LOCALIZACIÓN
Ubicación ES-MaACL
Número de control de estantería T-979-F-6
852 ## - LOCALIZACIÓN
Ubicación ES-MaACL
Número de control de estantería T-957-F-6
Holdings
Estatus retirado Estado de pérdida Estado de daño No para préstamo Colección Biblioteca de origen Biblioteca actual Ubicación en estantería Fecha de adquisición Fuente de adquisición Total de préstamos Signatura topográfica completa Código de barras Visto por última vez Precio de reemplazo Tipo de ítem Koha
        Colección de folletos Biblioteca del Ateneo de Madrid Biblioteca del Ateneo de Madrid Depósito folletos 03/04/2005     T-957-F-6 1201810 23/02/2023 23/02/2023 Folleto
        Colección de folletos Biblioteca del Ateneo de Madrid Biblioteca del Ateneo de Madrid Depósito folletos 07/11/2014     T-979-F-6 1193365 23/02/2023 23/02/2023 Folleto